Recensement général de la population du Royaume de Portugal et des Iles Adjacentes (Açores et Madére) (Record no. 150908)

MARC details
000 -LEADER
campo de control de longitud fija 00651nam a2200145 i 4500
001 - NÚMERO DE CONTROL
campo de control 150908
003 - IDENTIFICADOR DE NÚMERO DE CONTROL
campo de control ES-MaACL
007 - CAMPO FIJO DE DESCRIPCIÓN FÍSICA--INFORMACIÓN GENERAL
campo de control de longitud fija t|
008 - DATOS DE LONGITUD FIJA--INFORMACIÓN GENERAL
campo de control de longitud fija 071119s1890 po ||||1| fre d
245 00 - MENCIÓN DEL TÍTULO
Título Recensement général de la population du Royaume de Portugal et des Iles Adjacentes (Açores et Madére)
Resto del título : année 1890 /
Mención de responsabilidad, etc. Ministére des Travaux Publics, du Commerce et de l'Industrie, Direction Générale du Commerce et de l'Industrie.
260 ## - PUBLICACIÓN, DISTRIBUCIÓN, ETC.
Lugar de publicación, distribución, etc. Lisbonne :
Nombre del editor, distribuidor, etc. [s.n.],
Fecha de publicación, distribución, etc. 1890 (
Fabricante Imprimerie Nationale)
300 ## - DESCRIPCIÓN FÍSICA
Extensión 22 p., [2] h. pleg. ;
Dimensiones 23 cm.
710 1# - ENTRADA AGREGADA--NOMBRE DE ENTIDAD CORPORATIVA
Nombre de entidad corporativa o nombre de jurisdicción como elemento de entrada Portugal.
Unidad subordinada Direcção Geral do Comércio e Industria.
9 (RLIN) 6243
852 ## - LOCALIZACIÓN
Ubicación ES-MaACL
Número de control de estantería T-554-F-5
Holdings
Estatus retirado Estado de pérdida Estado de daño No para préstamo Colección Biblioteca de origen Biblioteca actual Ubicación en estantería Fecha de adquisición Fuente de adquisición Total de préstamos Signatura topográfica completa Código de barras Visto por última vez Precio de reemplazo Tipo de ítem Koha
        Colección de folletos Biblioteca del Ateneo de Madrid Biblioteca del Ateneo de Madrid Depósito folletos 17/01/2008     T-554-F-5 1157470 23/02/2023 23/02/2023 Folleto